000
00318nam a2200133 a 4500
008
101210s1960|||| d
041
_a
rus
044
_a
RU
100
1
_a
Kuznetsov, Y.- Nikulin, N.
700
1
_a
Rusakov, Y.
260
_a
Lenigrad
_b
Sovietskij chudožník
_c
1960
245
1
0
_a
Ermitáž
020
_c
10
999
_c
14082
_d
14082